Czytanki z historii ZSRR (Запись № 13555339)

Подробности
000 -МАРКЕР
контрольное поле 01675nam0a22003131 4500
001 - ИДЕНТИФИКАТОР ЗАПИСИ
контрольное поле RU\NLR\INFOCOMM_17\5000676291
005 - ИДЕНТИФИКАТОР ВЕРСИИ
контрольное поле 20260308043912.0
035 ## - ДРУГИЕ СИСТЕМНЫЕ НОМЕРА
Идентификатор записи (NLR Aleph) 009373272
100 ## - ДАННЫЕ ОБЩЕЙ ОБРАБОТКИ
Данные общей обработки 20101221d1972 u y0rusy50 ca
101 1# - ЯЗЫК РЕСУРСА
Язык текста, звукозаписи и т.д. польский
Язык оригинала русский
102 ## - СТРАНА ПУБЛИКАЦИИ ИЛИ ПРОИЗВОДСТВА
Страна публикации литва
105 ## - ПОЛЕ КОДИРОВАННЫХ ДАННЫХ: ТЕКСТОВЫЕ МАТЕРИАЛЫ, МОНОГРАФИЧЕСКИЕ
Кодированные данные о монографическом текстовом документе a ||||000|y
200 1# - ЗАГЛАВИЕ И СВЕДЕНИЯ ОБ ОТВЕТСТВЕННОСТИ
Основное заглавие Czytanki z historii ZSRR
Сведения, относящиеся к заглавию Dla klasy IV
-- [Przekł.. z 2-go wyd. ros.]
Первые сведения об ответственности T. Gołubiewa, L. Gellersztejn
Последующие сведения об ответственности Podręcznik pod red. N. Kuzina
-- [Przekł.. z 2-go wyd. ros.]
210 ## - ПУБЛИКАЦИЯ, РАСПРОСТРАНЕНИЕ И ДР.
Место издания, распространения и т.д. Kaunas
Имя издателя, распространителя и т. д. "Šviesa"
Дата издания, распространения и т.д. 1972
215 ## - ФИЗИЧЕСКАЯ ХАРАКТЕРИСТИКА
Специфическое обозначение материала и объем 288 с.
Другие сведения о физической характеристике ил., портр., карт.
Размеры 22 см
300 ## - ОБЩИЕ ПРИМЕЧАНИЯ
Текст примечания На пер. сост. не указаны
300 ## - ОБЩИЕ ПРИМЕЧАНИЯ
Текст примечания В вып. дан.: Тамара Сергеевна Голубева, Лев Соломонович [!] Геллерштейн. Рассказы по истории СССР. - Юозас Юргинис, Нина Кастанаускайте. Рассказы по истории Литовской ССР. Учебник для IV класса
423 #0 - ИЗДАЕТСЯ В ОДНОЙ ОБЛОЖКЕ ВМЕСТЕ С ...
Встроенное поле 2001#$a[Czytanki z historii Litewskiej SRR$ePodręcznik dla klasy IV]
-- 700#1$aJurginis$bJ.$4070
-- 701#1$aKastanauskajte$bN.$4070
Заглавие [Czytanki z historii Litewskiej SRR
Автор Jurginis, J.
686 ## - ИНДЕКСЫ ДРУГИХ КЛАССИФИКАЦИЙ
Индекс Т3(2)я71-11
Код системы
700 #1 - ИМЯ ЛИЦА - ПЕРВИЧНАЯ ОТВЕТСТВЕННОСТЬ
Системный номер авторитетной/нормативной записи z01790
Начальный элемент ввода Golubeva
Часть имени, кроме начального элемента ввода T. S.
Дополнения к именам, кроме дат канд. пед. наук, история
Даты -2011
Расширение инициалов личного имени Tamara Sergeevna
Идентификатор авторитетной/нормативной записи RU\NLR\AUTH\770290652
Код отношения Автор
701 #1 - ИМЯ ЛИЦА - АЛЬТЕРНАТИВНАЯ ОТВЕТСТВЕННОСТЬ
Системный номер авторитетной/нормативной записи z02790
Начальный элемент ввода Gellerštejn
Часть имени, кроме начального элемента ввода L. S.
Расширение инициалов личного имени Lev Solomonovič
Код отношения Автор
790 #1 - ИМЯ ЛИЦА - АЛЬТЕРНАТИВНАЯ ФОРМА
Системный номер авторитетной/нормативной записи z01700
Начальный элемент ввода Gołubiewa
Часть имени, кроме начального элемента ввода T.
Код отношения Автор
790 #1 - ИМЯ ЛИЦА - АЛЬТЕРНАТИВНАЯ ФОРМА
Системный номер авторитетной/нормативной записи z02701
Начальный элемент ввода Gellersztejn
Часть имени, кроме начального элемента ввода L.
Код отношения Автор
801 #0 - ИСТОЧНИК ЗАПИСИ
Страна российская федерация
Организация NLR
Правила каталогизации PSBO
801 #1 - ИСТОЧНИК ЗАПИСИ
Страна российская федерация
Организация NLR
Дата составления 20101221
852 ## - МЕСТОНАХОЖДЕНИЕ И ШИФР ХРАНЕНИЯ
Идентификатор организации NLR
Шифр хранения (Call Number) Сл Пол-3/1248
942 ## - ДОПОЛНИТЕЛЬНЫЕ ЭЛЕМЕНТЫ ЗАПИСИ (АБИС)
Тип экземпляра АБИС Неопределено
980 ## - КОЛЛЕКЦИЯ
Название коллекции Национальная библиография

Нет доступных экземпляров.